Глобальные рынки ресурсов: монография

Dettagli Bibliografici
Autore principale: Чеботарёв Н. Ф. Николай Федорович
Ente Autore: Российский государственный университет нефти и газа им. И. М. Губкина
Riassunto:В монографии с позиции ресурсного подхода рассмотрены глобальные рынки ресурсов. Основное внимание уделено рынкам традиционного сырья и услуг. Выявлены возможности сырьевого экспорта России на основе использования конкурентных преимуществ, региональных и отраслевых факторов в условиях применения санкций. Информационный материал работы может применяться для формирования и пополнения информационно-аналитической базы принятия управленческих решений, формирования бизнес-моделей и сответствующих компетенций. Для научных, деловых кругов международного энергетического бизнеса, преподавателей вузов, аспирантов, студентов магистратуры и бакалавриата, персонала отраслевых организаций и предприятий.
Lingua:russo
Pubblicazione: Москва, Проспект, 2020
Soggetti:
Natura: MixedMaterials Libro
KOHA link:https://koha.lib.tpu.ru/cgi-bin/koha/opac-detail.pl?biblionumber=344425

MARC

LEADER 00000nam0a2200000 4500
001 344425
005 20231102005649.0
010 |a 9785392314935 
035 |a (RuTPU)RU\TPU\book\375918 
090 |a 344425 
100 |a 20200225d2020 k y0rusy50 ca 
101 0 |a rus 
102 |a RU 
105 |a y z 001zy 
200 1 |a Глобальные рынки ресурсов  |e монография  |f Н. Ф. Чеботарёв  |g Российский государственный университет нефти и газа им. И. М. Губкина 
210 |a Москва  |c Проспект  |d 2020 
215 |a 183 с. 
320 |a Глоссарий: с. 173-178 
320 |a Библиогр.: с. 179-181 
330 |a В монографии с позиции ресурсного подхода рассмотрены глобальные рынки ресурсов. Основное внимание уделено рынкам традиционного сырья и услуг. Выявлены возможности сырьевого экспорта России на основе использования конкурентных преимуществ, региональных и отраслевых факторов в условиях применения санкций. Информационный материал работы может применяться для формирования и пополнения информационно-аналитической базы принятия управленческих решений, формирования бизнес-моделей и сответствующих компетенций. Для научных, деловых кругов международного энергетического бизнеса, преподавателей вузов, аспирантов, студентов магистратуры и бакалавриата, персонала отраслевых организаций и предприятий. 
606 1 |a Глобальная экономика  |2 stltpush  |3 (RuTPU)RU\TPU\subj\36043  |9 57566 
610 1 |a мировая экономика 
610 1 |a глобальные рынки 
610 1 |a глобальные ресурсы 
610 1 |a минерально-сырьевые ресурсы 
610 1 |a финансовые ресурсы 
610 1 |a трудовые ресурсы 
610 1 |a страховые ресурсы 
610 1 |a глобализация 
610 1 |a глобальные проблемы 
610 1 |a монографии 
686 |a У5  |v LBC/SL-A  |2 rubbk 
700 1 |a Чеботарёв  |b Н. Ф.  |g Николай Федорович 
712 0 2 |a Российский государственный университет нефти и газа им. И. М. Губкина  |c (Москва)  |c (1998- )  |2 stltpush  |3 (RuTPU)RU\TPU\col\408  |9 23405 
801 1 |a RU  |b 63413507  |c 20200225 
801 2 |a RU  |b 63413507  |c 20210329  |g RCR 
942 |c BK 
959 |a 5/20200221  |d 1  |e 600,00  |f ЧЗТЛ:1